000 00467 a2200169 4500
003 Nust
005 20170207153426.0
040 _cNust
082 _a005.1
100 _aWaseem , Capt Yaser BESE-07
245 _aOptimal antenna placement in a mesh based mobile AD HOC networks (Flexman)
_cCapt Yaser Waseem & PC Naveed Tufail BESE-07
260 _bMCS
_c2005
300 _a94 p
538 _aAlmirah No.71 Shelf No.4
650 _aUG Projects
651 _aUG CS Projects
942 _cTHS
999 _c185942
_d185942